000 00509nam a2200193Ia 4500
005 20221128091816.0
008 131103s9999 xx 000 0 und d
040 _aLoreto College
041 _aEnglish
082 _a821.8
_bPAT
245 4 _aThe Poems of conventry patmore
_cEdited by Frederick Page
260 _aLondon
_bOxford University Press
_c1949
300 _a506p.
504 _aIncludes index
650 _aEnglish poetry
700 _aPage, Frederick; ed.
850 _aLCLIB
942 _cBK
999 _c21426
_d71905